=LDR 00000nam 2200000 4500 =001 INLIS000000000028910 =005 20200429010108 =035 ##$$a 0010-061300000028910 =008 200429################g##########0#ind## =041 ##$$a ind =082 ##$$a 2x3.6 =090 ##$$a 2x3.6, DUM r =100 1#$$a Dumaiji, Abdullah bin Umar Ad =245 1#$$a Rahasia tawakal dan sebab akibat /$c Abdullah bin Umar Ad-Dumaiji; penerjemah, Kamaluddin Sa'diatulharamaini, Farizal Tarmizi =260 ##$$a Jakarta :$b Buku Islam Rahmatan,$c 2000 =300 ##$$a xvi, 216 hlm. ; $c 24 x 16 cm. =650 #4$$a Tawakal =700 1#$$a Sa'diatulharamaini, Kamaluddin =700 #$$a Tarmizi, Farizal =850 ##$$a NBPNMAT =084 ##$$a 2x3.6 DUM r =250 ##$$a cet. 1 =990 ##$$a 30617924